000 00455nam a2200121Ia 4500
008 220615s9999||||xx |||||||||||||| ||und||
100 _aConstantin Volosencu
245 0 _aFault Detection and Diagnosis
546 _aEnglish[eng]
650 _aEngineering||Physical Sciences||Engineering and Technology||Electrical and Electronic Engineering||Mathematical Modeling
856 _uhttps://www.intechopen.com/books/fault-detection-and-diagnosis
942 _cEB
999 _c12775
_d12775